[Event "Cornella Pinol Memorial 5th"]
[Site "Cornella de Llobregat"]
[Date "2017.10.16"]
[Round "4"]
[White "Colom Andres, Xavier"]
[Black "Vicient Calvo, Ramon"]
[Result "0-1"]
[WhiteElo "1805"]
[BlackElo "1990"]
[PlyCount "74"]
[EventDate "2017.09.25"]
[EventType "swiss"]
[EventRounds "9"]
[EventCountry "ESP"]
[SourceTitle "CBM 181 Extra"]
[Source "ChessBase"]
[SourceDate "2017.12.12"]
[SourceVersion "1"]
[SourceVersionDate "2017.12.12"]
[SourceQuality "1"]

1. d4 d5 2. c4 e6 3. Nc3 Bb4 4. Nf3 Nf6 5. Bg5 0-0 6. e3 b6 7. cxd5 exd5 8. Qc2 Bb7 9. Bd3 h6 10. Bh4 c5 11. 0-0 c4 12. Be2 Nbd7 13. Ne5 Bxc3 14. bxc3 g5 15. Bg3 Ne4 16. Nxd7 Qxd7 17. f3 Nxg3 18. hxg3 Rae8 19. Kf2 Re7 20. Rae1 b5 21. Rh1 Qe6 22. Bd1 a5 23. Qd2 Qd6 24. a3 Re6 25. Qb2 Bc6 26. Bc2 f5 27. Bb1 Re7 28. f4 Rg7 29. Re2 Be8 30. Bc2 h5 31. Bd1 h4 32. fxg5 Qxg3+ 33. Kg1 Bh5 34. Rh3 Qxg5 35. Re1 Bxd1 36. Rxd1 Qg4 37. Rf3 Qxf3 0-1

[Event "Montcada op-B 25th"]
[Site "Montcada"]
[Date "2017.06.28"]
[Round "3"]
[White "Sumit, Kumar1"]
[Black "Colom Andres, Xavier"]
[Result "1-0"]
[WhiteElo "1975"]
[BlackElo "1930"]
[PlyCount "109"]
[EventDate "2017.06.26"]
[EventType "swiss"]
[EventRounds "9"]
[EventCountry "ESP"]
[SourceTitle "EXT 2018"]
[Source "ChessBase"]
[SourceDate "2017.10.13"]
[SourceVersion "1"]
[SourceVersionDate "2017.10.13"]
[SourceQuality "1"]

1. e4 c6 2. d4 d5 3. exd5 cxd5 4. c4 Nf6 5. Nc3 Nc6 6. Bg5 e6 7. c5 a6 8. Nf3 Be7 9. Be2 0-0 10. a3 b6 11. b4 bxc5 12. bxc5 a5 13. 0-0 Ba6 14. Bxa6 Rxa6 15. Qe2 Ra8 16. Rfb1 Qd7 17. h3 a4 18. Bf4 Rfe8 19. Qc2 Bd8 20. Ra2 Ne4 21. Nxe4 dxe4 22. Qxe4 Qd5 23. Re2 Qxe4 24. Rxe4 f5 25. Re2 Ba5 26. Rc2 Ne7 27. Rb7 Nd5 28. Be5 Re7 29. Rxe7 Nxe7 30. Rc4 Bd8 31. Ng5 Ra6 32. Bd6 Nc8 33. Nxe6 Nxd6 34. cxd6 Rxd6 35. Nxd8 Rxd8 36. Rxa4 Kf7 37. f3 g5 38. Kf2 Rc8 39. Ra7+ Kg6 40. Re7 Rc4 41. Re2 Rxd4 42. Ra2 Ra4 43. Ke3 Kf6 44. Kd3 Ke5 45. Kc3 Kd5 46. Kb3 Ra7 47. a4 Rb7+ 48. Kc3 h5 49. a5 Rc7+ 50. Kd3 Ra7 51. a6 g4 52. Ra5+ Ke6 53. hxg4 hxg4 54. f4 Ke7 55. Kd4 1-0

[Event "Barcelona Primavera La Lira op 10th"]
[Site "Barcelona"]
[Date "2017.06.08"]
[Round "8"]
[White "Massanet Miret, Pere"]
[Black "Colom Andres, Xavier"]
[Result "1-0"]
[WhiteElo "1730"]
[BlackElo "1930"]
[PlyCount "71"]
[EventDate "2017.04.20"]
[EventType "swiss"]
[EventRounds "9"]
[EventCountry "ESP"]
[SourceTitle "EXT 2018"]
[Source "ChessBase"]
[SourceDate "2017.10.13"]
[SourceVersion "1"]
[SourceVersionDate "2017.10.13"]
[SourceQuality "1"]

1. d4 d5 2. Bf4 Nf6 3. Nf3 c5 4. c3 Qb6 5. Qb3 Nc6 6. e3 c4 7. Qc2 Bf5 8. Qc1 e6 9. Be2 Be7 10. Nbd2 Rc8 11. Nh4 Bg4 12. Bxg4 Nxg4 13. Nhf3 Nf6 14. 0-0 0-0 15. h3 Qd8 16. Re1 b5 17. a3 a5 18. e4 Re8 19. exd5 Qxd5 20. Ne5 Bd6 21. Bh2 Red8 22. Nf1 Bxe5 23. Bxe5 Nxe5 24. Rxe5 Qb7 25. Ne3 Nd7 26. Rg5 Qe4 27. Rxb5 e5 28. Qc2 Qc6 29. Rxa5 Qb6 30. Rd5 f6 31. Qe2 Qc6 32. a4 Re8 33. Qd2 Rcd8 34. dxe5 Rxe5 35. Nxc4 Qxc4 36. Rxd7 1-0

[Event "Barcelona Primavera La Lira op 10th"]
[Site "Barcelona"]
[Date "2017.05.25"]
[Round "6"]
[White "Mateu Farre, Josep Maria"]
[Black "Colom Andres, Xavier"]
[Result "1-0"]
[WhiteElo "1954"]
[BlackElo "1930"]
[PlyCount "49"]
[EventDate "2017.04.20"]
[EventType "swiss"]
[EventRounds "9"]
[EventCountry "ESP"]
[SourceTitle "EXT 2018"]
[Source "ChessBase"]
[SourceDate "2017.10.13"]
[SourceVersion "1"]
[SourceVersionDate "2017.10.13"]
[SourceQuality "1"]

1. e4 c6 2. c4 d5 3. cxd5 cxd5 4. exd5 Nf6 5. Bb5+ Nbd7 6. Nc3 a6 7. Qa4 Rb8 8. Bxd7+ Qxd7 9. Qxd7+ Bxd7 10. d4 Bf5 11. Nge2 Rd8 12. Nf4 g5 13. Nfe2 Nxd5 14. Ng3 Bg6 15. Bxg5 Nb4 16. 0-0 Nc2 17. Rad1 Nxd4 18. Rfe1 h6 19. Bf6 Nc2 20. Bxh8 Rxd1 21. Rxd1 f6 22. Nd5 Kf7 23. Nf4 Bh7 24. Rd7 Nb4 25. Ngh5 1-0

[Event "Barcelona Tupinamba op 12th"]
[Site "Barcelona"]
[Date "2017.05.24"]
[Round "9.8"]
[White "Vargas Drechsler, Carlos"]
[Black "Colom Andres, Xavier"]
[Result "1/2-1/2"]
[WhiteElo "1917"]
[BlackElo "1916"]
[PlyCount "38"]
[EventDate "2017.03.22"]
[EventType "swiss"]
[EventRounds "9"]
[EventCountry "ESP"]
[SourceTitle "EXT 2024"]
[Source "ChessBase"]
[SourceDate "2023.10.10"]
[SourceVersion "1"]
[SourceVersionDate "2023.10.10"]
[SourceQuality "1"]

1. d4 d5 2. Nf3 Nf6 3. c4 c6 4. Nc3 dxc4 5. e3 Bf5 6. Bxc4 e6 7. 0-0 Nbd7 8. Re1 Bb4 9. Bd2 0-0 10. a3 Be7 11. e4 Bg6 12. Bg5 h6 13. Bxf6 Nxf6 14. Ne5 Nd5 15. exd5 cxd5 16. Bd3 Bxd3 17. Qxd3 Qb6 18. Qd2 Rfc8 19. Rac1 Qb3 1/2-1/2